<?xml version="1.0" encoding="UTF-8"?>
<record
    xmlns:xsi="http://www.w3.org/2001/XMLSchema-instance"
    xsi:schemaLocation="http://www.loc.gov/MARC21/slim http://www.loc.gov/standards/marcxml/schema/MARC21slim.xsd"
    xmlns="http://www.loc.gov/MARC21/slim">

  <leader>02334nam a2200289uu 4500</leader>
  <controlfield tag="001">1540277</controlfield>
  <controlfield tag="005">20260508094226.0</controlfield>
  <controlfield tag="007">co|||||||</controlfield>
  <controlfield tag="008">200122s2019                        spa  </controlfield>
  <datafield tag="035" ind1=" " ind2=" ">
    <subfield code="a">1540277</subfield>
  </datafield>
  <datafield tag="040" ind1=" " ind2=" ">
    <subfield code="c">comduadb</subfield>
  </datafield>
  <datafield tag="041" ind1=" " ind2=" ">
    <subfield code="a">spa</subfield>
  </datafield>
  <datafield tag="080" ind1=" " ind2=" ">
    <subfield code="a">B</subfield>
  </datafield>
  <datafield tag="100" ind1="1" ind2="0">
    <subfield code="a">Rend&#xF3;n S&#xE1;nchez, Andr&#xE9;s Mauricio</subfield>
    <subfield code="4">aut</subfield>
    <subfield code="e">aut</subfield>
    <subfield code="9">797166</subfield>
  </datafield>
  <datafield tag="245" ind1="1" ind2="0">
    <subfield code="a">Sistema de control interno Guzaltex S.A.S</subfield>
  </datafield>
  <datafield tag="260" ind1=" " ind2=" ">
    <subfield code="a">Medell&#xED;n :</subfield>
    <subfield code="b">Autor(a),</subfield>
    <subfield code="c">2019.</subfield>
  </datafield>
  <datafield tag="300" ind1=" " ind2=" ">
    <subfield code="a">1 CD-ROM</subfield>
  </datafield>
  <datafield tag="520" ind1="3" ind2=" ">
    <subfield code="a">RESUMEN: "En esta Monograf&#xED;a de consultor&#xED;a, se presentar&#xE1;n las conclusiones del an&#xE1;lisis de experiencias y procesos de diagn&#xF3;stico de riesgos y actividades de control de GuzalTex S.A.S.
En los ciento veintiocho riesgos encontrados en la compa&#xF1;&#xED;a, se obtuvo que diecisiete de ellos son inaceptables para la organizaci&#xF3;n y pueden poner en riesgo la continuidad del negocio, por lo cual la direcci&#xF3;n de la compa&#xF1;&#xED;a debe realizar un plan de trabajo que minimice los riesgos m&#xE1;s altos encontrados durante la consultor&#xED;a realizada.
Durante el proceso de consultor&#xED;a, se logr&#xF3; establecer que la direcci&#xF3;n de la empresa Guzal Tex S.A.S. no percibe la importancia del Sistema de Control Interno y las implicaciones de los riesgos que se corren por las falencias en este aspecto, sin embargo, se logra generar conciencia alrededor del tema.  Con el diagn&#xF3;stico se establece la existencia de fallas en todos los componentes del Sistema de Control Interno, es decir, la gerencia manifiesta que existen mecanismos de control interno incipientes, pero no se percibe un sistema que trate el problema en todas las &#xE1;reas involucrados en el negocio. Con la aplicaci&#xF3;n de la herramienta se logra dar un mejor entendimiento de los diferentes riesgos detectados en las &#xE1;reas de la compa&#xF1;&#xED;a, los controles necesarios para minimizar el riesgo y los riesgos con mayor probabilidad de ocurrencia, los cuales deben ser tratados de forma eficiente con el fin de no dejar brechas que permitan poner en riesgo el patrimonio y continuidad de la empresa".</subfield>
  </datafield>
  <datafield tag="650" ind1=" " ind2="7">
    <subfield code="a">Control interno</subfield>
    <subfield code="2">embne</subfield>
    <subfield code="9">21008</subfield>
  </datafield>
  <datafield tag="650" ind1=" " ind2=" ">
    <subfield code="a">Sector textil</subfield>
    <subfield code="9">57452</subfield>
  </datafield>
  <datafield tag="650" ind1=" " ind2="0">
    <subfield code="a">Gesti&#xF3;n de riesgos</subfield>
    <subfield code="9">74676</subfield>
  </datafield>
  <datafield tag="650" ind1=" " ind2=" ">
    <subfield code="a">Consultor&#xED;a de empresas</subfield>
    <subfield code="9">113759</subfield>
  </datafield>
  <datafield tag="700" ind1="1" ind2="0">
    <subfield code="a">Guevara Sanabria, Jaime Alberto</subfield>
    <subfield code="4">ths</subfield>
    <subfield code="e">ths</subfield>
    <subfield code="9">429855</subfield>
  </datafield>
  <datafield tag="942" ind1=" " ind2=" ">
    <subfield code="c">TESIS</subfield>
  </datafield>
  <datafield tag="999" ind1=" " ind2=" ">
    <subfield code="c">820522</subfield>
    <subfield code="d">820522</subfield>
  </datafield>
  <datafield tag="502" ind1=" " ind2=" ">
    <subfield code="b">63</subfield>
    <subfield code="c">9</subfield>
  </datafield>
  <datafield tag="526" ind1=" " ind2=" ">
    <subfield code="a">63</subfield>
  </datafield>
  <datafield tag="952" ind1=" " ind2=" ">
    <subfield code="0">0</subfield>
    <subfield code="1">0</subfield>
    <subfield code="4">0</subfield>
    <subfield code="7">0</subfield>
    <subfield code="8">DIGITAL</subfield>
    <subfield code="a">CIE</subfield>
    <subfield code="b">CIE</subfield>
    <subfield code="d">2020-01-27</subfield>
    <subfield code="i">C1325767</subfield>
    <subfield code="l">0</subfield>
    <subfield code="o">B/01735 CD-ROM</subfield>
    <subfield code="p">61000004743584</subfield>
    <subfield code="r">2023-05-04 00:00:00</subfield>
    <subfield code="t">1</subfield>
    <subfield code="w">2023-05-04</subfield>
    <subfield code="y">DIGITAL</subfield>
  </datafield>
</record>
